Guess The Artist 1970's - Statistics

General Stats
  • This quiz has been taken 106 times
  • The average score is 13 of 30
Answer Stats
Song Answer % Correct
Mamma Mia ABBA
97%
Let it Be The Beatles
97%
Stairway to Heaven Led Zeppelin
90%
YMCA Village People
87%
Your Song Elton John
82%
I Will Survive Gloria Gaynor
81%
Layla Derek & the Dominos
78%
How Deep is Your Love The Bee Gees
71%
September Earth Wind & Fire
68%
More Than a Feeling Boston
64%
I'm Not In Love 10cc
54%
Baker Street Gerry Rafferty
50%
Grease Frankie Valli
49%
Listen to the Music The Doobie Brothers
42%
Year of the Cat Al Stewart
38%
Lovely Day Bill Withers
38%
Blinded by the Light Bruce Springsteen
29%
20th Century Boy T. Rex
29%
Baby Come Back Player
19%
Come and Get Your Love Redbone
19%
Death on Two Legs Queen
18%
Still the One Orleans
15%
Heard it in a Love Song The Marshall Tucker Band
15%
Easy Living Uriah Heep
13%
Why Don't You Write Me Simon & Garfunkel
12%
Couldn't Get It Right Climax Blues Band
10%
Steppin' In A Slide Zone The Moody Blues
8%
The Watchman's Gone Gordon Lightfoot
6%
Honey Come Back Glen Campbell
4%
Two Lane Highway Pure Prairie League
4%
No matching quizzes found
Score Distribution
Percent of People with Each Score
Percentile by Number Answered
Your Score History
You have not taken this quiz